[Event "EUCC 2023 - U12"]
[Site "Kouty nad Desnou"]
[Date "2023.08.16"]
[Round "1.10"]
[White "Peglau, Lorena"]
[Black "Vancakova, Veronika"]
[Result "0-1"]
[BlackElo "1576"]
[WhiteElo "1178"]
[LiveChessVersion "1.4.8"]

1. d4 {[%clk 1:31:13]} Nf6 {[%clk 1:30:51]} 2. Nf3 {[%clk 1:31:13]} g6
{[%clk 1:31:27]} 3. Bf4 Bg7 {[%clk 1:31:29]} 4. c3 {[%clk 1:31:46]} O-O 5. e3 d6
{[%clk 1:31:20]} 6. Be2 {[%clk 1:30:40]} Nbd7 {[%clk 1:31:15]} 7. O-O
{[%clk 1:30:21]} c6 {[%clk 1:24:46]} 8. Nbd2 {[%clk 1:28:23]} Re8
{[%clk 1:24:10]} 9. Nc4 {[%clk 1:23:44]} Qc7 {[%clk 1:19:22]} 10. Bg3
{[%clk 1:17:47]} Ne4 {[%clk 1:16:32]} 11. Bh4 {[%clk 1:16:28]} d5
{[%clk 1:08:54]} 12. Ncd2 {[%clk 1:16:02]} e5 {[%clk 1:04:22]} 13. Re1
{[%clk 1:13:13]} Nxd2 {[%clk 1:00:59]} 14. Nxd2 {[%clk 1:13:31]} e4
{[%clk 0:59:08]} 15. Bg3 {[%clk 1:13:39]} Qd8 {[%clk 0:53:32]} 16. Qc2
{[%clk 1:11:11]} Nf6 {[%clk 0:49:13]} 17. Qb3 {[%clk 1:06:28]} h5
{[%clk 0:38:34]} 18. h4 {[%clk 1:06:11]} Nh7 {[%clk 0:36:50]} 19. Qd1
{[%clk 0:54:21]} Bf6 {[%clk 0:32:37]} 20. f3 {[%clk 0:44:08]} Bxh4
{[%clk 0:28:48]} 21. Bf2 {[%clk 0:43:45]} Bxf2+ {[%clk 0:27:28]} 22. Kxf2
{[%clk 0:44:04]} Qh4+ {[%clk 0:25:30]} 23. Kf1 {[%clk 0:44:23]} Ng5
{[%clk 0:24:34]} 24. fxe4 {[%clk 0:43:02]} Nh3 {[%clk 0:23:43]} 25. gxh3
{[%clk 0:42:55]} Bxh3+ {[%clk 0:24:06]} 26. Kg1 {[%clk 0:43:18]} Qg3+
{[%clk 0:24:29]} 27. Kh1 {[%clk 0:43:32]} Qg2# {[%clk 0:24:54]} 0-1

[Event "EUCC 2023 - U12"]
[Site "Kouty nad Desnou"]
[Date "2023.08.16"]
[Round "1.11"]
[White "Nieminen, Oliver"]
[Black "Levchenko, Alisa"]
[Result "1-0"]
[BlackElo "1151"]
[WhiteElo "1574"]
[LiveChessVersion "1.4.8"]

1. e4 {[%clk 1:30:59]} e6 {[%clk 1:30:51]} 2. d4 {[%clk 1:31:23]} d5
{[%clk 1:31:16]} 3. e5 {[%clk 1:31:48]} c5 {[%clk 1:31:31]} 4. c3
{[%clk 1:32:11]} Nc6 {[%clk 1:31:36]} 5. Nf3 {[%clk 1:32:29]} Qb6
{[%clk 1:31:23]} 6. Bd3 {[%clk 1:32:21]} Bd7 {[%clk 1:31:26]} 7. O-O
{[%clk 1:32:25]} cxd4 {[%clk 1:29:33]} 8. Re1 {[%clk 1:32:45]} dxc3
{[%clk 1:26:02]} 9. Nxc3 {[%clk 1:32:50]} a6 {[%clk 1:25:58]} 10. a3
{[%clk 1:31:35]} Bc5 {[%clk 1:24:45]} 11. Qc2 {[%clk 1:31:48]} Qa7
{[%clk 1:20:00]} 12. Na4 {[%clk 1:27:38]} Nd4 {[%clk 1:15:33]} 13. Qxc5
{[%clk 1:27:41]} Nxf3+ {[%clk 1:15:02]} 14. gxf3 {[%clk 1:27:53]} Bxa4
{[%clk 1:15:01]} 15. Qb4 {[%clk 1:28:03]} Bc6 {[%clk 1:13:21]} 16. Be3
{[%clk 1:28:03]} Qb8 {[%clk 1:12:38]} 17. Bc5 {[%clk 1:25:30]} a5
{[%clk 1:10:10]} 18. Qg4 {[%clk 1:24:50]} Ne7 {[%clk 1:09:16]} 19. b4
{[%clk 1:16:13]} b6 {[%clk 1:04:49]} 20. Bd6 {[%clk 1:14:28]} Qd8
{[%clk 1:03:07]} 21. Rac1 {[%clk 1:13:31]} Rc8 {[%clk 1:01:30]} 22. Ba6
{[%clk 1:13:33]} Ra8 {[%clk 1:00:37]} 23. Bxe7 {[%clk 1:10:40]} Kxe7
{[%clk 1:00:22]} 24. Rxc6 {[%clk 1:10:17]} Rxa6 {[%clk 1:00:30]} 25. Rec1
{[%clk 1:10:36]} Ra8 {[%clk 0:58:50]} 26. Rd6 {[%clk 1:07:45]} Qb8
{[%clk 0:56:03]} 27. Qg5+ {[%clk 1:04:31]} Kf8 {[%clk 0:54:43]} 28. Rd7
{[%clk 1:04:29]} h6 {[%clk 0:52:08]} 29. Qe7+ {[%clk 1:04:39]} Kg8
{[%clk 0:51:42]} 30. Qxf7+ {[%clk 1:05:01]} Kh7 {[%clk 0:51:53]} 31. Qxg7#
{[%clk 1:05:20]} 1-0

[Event "EUCC 2023 - U12"]
[Site "Kouty nad Desnou"]
[Date "2023.08.16"]
[Round "1.12"]
[White "Pop, Maria Olivia"]
[Black "Alcantara, Eliyakim"]
[Result "1/2-1/2"]
[BlackElo "1534"]
[WhiteElo "1147"]
[LiveChessVersion "1.4.8"]

1. d4 {[%clk 1:30:57]} Nf6 {[%clk 1:30:42]} 2. Nf3 {[%clk 1:31:23]} d5
{[%clk 1:31:00]} 3. e3 {[%clk 1:31:45]} e6 {[%clk 1:30:09]} 4. Bd3
{[%clk 1:31:44]} Bd6 {[%clk 1:30:17]} 5. Nbd2 {[%clk 1:31:55]} Nbd7
{[%clk 1:30:19]} 6. O-O {[%clk 1:32:07]} O-O {[%clk 1:30:21]} 7. Qe2
{[%clk 1:32:20]} Re8 {[%clk 1:30:13]} 8. e4 {[%clk 1:25:23]} dxe4
{[%clk 1:29:05]} 9. Nxe4 {[%clk 1:25:43]} Nxe4 {[%clk 1:18:00]} 10. Qxe4
{[%clk 1:25:59]} Nf6 {[%clk 1:18:17]} 11. Qe2 {[%clk 1:25:16]} h6
{[%clk 1:13:48]} 12. Ne5 {[%clk 1:21:55]} c6 {[%clk 1:04:14]} 13. Bf4
{[%clk 1:19:05]} Qc7 {[%clk 0:48:51]} 14. Bg3 {[%clk 1:09:22]} Bd7
{[%clk 0:39:13]} 15. c3 {[%clk 1:07:58]} Rad8 {[%clk 0:34:22]} 16. Rad1
{[%clk 1:07:11]} Bc8 {[%clk 0:29:22]} 17. Bc2 {[%clk 1:06:16]} b6
{[%clk 0:20:47]} 18. Rfe1 {[%clk 1:00:27]} Bxe5 {[%clk 0:06:07]} 19. Bxe5
{[%clk 1:00:43]} Qe7 {[%clk 0:06:27]} 20. Qd3 {[%clk 0:59:17]} Bb7
{[%clk 0:06:45]} 21. Bxf6 {[%clk 0:59:23]} Qxf6 {[%clk 0:07:07]} 22. Qh7+
{[%clk 0:59:32]} Kf8 {[%clk 0:07:24]} 23. Re3 {[%clk 0:59:23]} Ke7
{[%clk 0:06:22]} 24. Rf3 {[%clk 0:59:35]} Qg5 {[%clk 0:06:37]} 25. Rg3
{[%clk 0:59:11]} Qf6 {[%clk 0:06:52]} 26. Qxg7 {[%clk 0:59:23]} Qxg7
{[%clk 0:06:58]} 27. Rxg7 {[%clk 0:59:39]} Rg8 {[%clk 0:07:17]} 28. Rh7
{[%clk 0:59:53]} c5 {[%clk 0:07:23]} 29. g3 {[%clk 0:59:34]} h5 {[%clk 0:06:55]}
30. dxc5 {[%clk 0:58:52]} Bf3 {[%clk 0:04:17]} 31. Rd4 {[%clk 0:57:21]} 1/2-1/2

[Event "EUCC 2023 - U12"]
[Site "Kouty nad Desnou"]
[Date "2023.08.16"]
[Round "1.13"]
[White "Alcantara, Levanah"]
[Black "Novotny, Adam"]
[Result "1-0"]
[BlackElo "1117"]
[WhiteElo "1527"]
[LiveChessVersion "1.4.8"]

1. d4 {[%clk 1:30:55]} d5 {[%clk 1:30:38]} 2. c4 {[%clk 1:31:17]} e6
{[%clk 1:30:01]} 3. Nc3 {[%clk 1:31:24]} Nf6 {[%clk 1:29:04]} 4. cxd5
{[%clk 1:31:42]} Nxd5 {[%clk 1:27:11]} 5. e4 {[%clk 1:31:27]} Nxc3
{[%clk 1:24:35]} 6. bxc3 {[%clk 1:31:47]} Bd6 {[%clk 1:22:17]} 7. Bd3
{[%clk 1:28:56]} Nc6 {[%clk 1:20:16]} 8. Ne2 {[%clk 1:26:12]} O-O
{[%clk 1:17:38]} 9. O-O {[%clk 1:25:41]} Qd7 {[%clk 1:15:40]} 10. Bc2
{[%clk 1:22:16]} a6 {[%clk 1:09:49]} 11. Qd3 {[%clk 1:20:52]} f5 {[%clk 1:05:18]}
12. e5 {[%clk 1:16:46]} Be7 {[%clk 1:04:25]} 13. Nf4 {[%clk 1:15:47]} b6
{[%clk 0:58:12]} 14. Nxe6 {[%clk 1:07:26]} Re8 {[%clk 0:51:54]} 15. Qg3
{[%clk 1:03:12]} g6 {[%clk 0:48:16]} 16. Bxf5 {[%clk 1:01:08]} Qd5
{[%clk 0:31:59]} 17. Bxg6 {[%clk 0:58:02]} Kh8 {[%clk 0:26:16]} 18. Qh3
{[%clk 0:54:13]} Qxg2+ {[%clk 0:18:59]} 19. Kxg2 {[%clk 0:54:26]} 1-0

[Event "EUCC 2023 - U12"]
[Site "Kouty nad Desnou"]
[Date "2023.08.16"]
[Round "1.14"]
[White "Stricova, Julia Nela"]
[Black "Wang, Simon"]
[Result "1/2-1/2"]
[BlackElo "1517"]
[WhiteElo "1091"]
[LiveChessVersion "1.4.8"]

1. e4 {[%clk 1:30:58]} c6 {[%clk 1:30:55]} 2. d4 d5 {[%clk 1:31:22]} 3. e5
{[%clk 1:31:46]} Bf5 {[%clk 1:31:46]} 4. Nf3 {[%clk 1:32:01]} e6 {[%clk 1:32:05]}
5. Be2 {[%clk 1:31:54]} Nd7 {[%clk 1:31:20]} 6. O-O {[%clk 1:31:33]} h6
{[%clk 1:26:57]} 7. Nbd2 {[%clk 1:29:19]} Ne7 {[%clk 1:25:50]} 8. Re1
{[%clk 1:27:29]} Bh7 {[%clk 1:24:26]} 9. Nf1 {[%clk 1:25:10]} Nf5
{[%clk 1:19:45]} 10. c3 {[%clk 1:24:45]} Be7 {[%clk 1:19:34]} 11. Bd3
{[%clk 1:22:30]} O-O {[%clk 1:19:11]} 12. Qc2 {[%clk 1:21:30]} Kh8
{[%clk 1:09:00]} 13. Ng3 {[%clk 1:19:13]} Nxg3 {[%clk 1:00:38]} 14. Bxh7
{[%clk 1:19:02]} g6 {[%clk 0:57:24]} 15. Bxg6 {[%clk 1:17:34]} fxg6
{[%clk 0:55:16]} 16. hxg3 {[%clk 1:16:38]} Kg7 {[%clk 0:54:57]} 17. Qd2
{[%clk 1:13:08]} g5 {[%clk 0:52:18]} 18. Nh2 {[%clk 1:10:00]} Rf7
{[%clk 0:49:20]} 19. Rf1 {[%clk 1:08:10]} Qf8 {[%clk 0:41:25]} 20. f4
{[%clk 1:06:24]} Kg6 {[%clk 0:38:55]} 21. Qd3+ {[%clk 1:04:00]} Kg7
{[%clk 0:38:43]} 22. fxg5 {[%clk 1:02:37]} Rxf1+ {[%clk 0:38:59]} 23. Qxf1
{[%clk 1:02:24]} Qxf1+ {[%clk 0:39:23]} 24. Nxf1 {[%clk 1:02:42]} hxg5
{[%clk 0:39:27]} 25. Be3 {[%clk 1:01:59]} a6 {[%clk 0:32:27]} 26. Nd2
{[%clk 1:01:17]} Kg6 {[%clk 0:29:05]} 27. g4 {[%clk 1:00:29]} Rf8
{[%clk 0:26:26]} 28. Rf1 {[%clk 1:00:47]} Bd8 {[%clk 0:22:00]} 29. Rxf8
{[%clk 1:00:26]} Nxf8 {[%clk 0:22:19]} 30. Kf2 {[%clk 0:59:55]} Kf7
{[%clk 0:21:56]} 31. Nf3 {[%clk 0:58:41]} Nh7 {[%clk 0:22:10]} 32. Ke2
{[%clk 0:58:52]} Ke8 {[%clk 0:18:48]} 33. Kd3 {[%clk 0:58:31]} Kd7
{[%clk 0:18:39]} 34. b3 {[%clk 0:58:01]} Be7 {[%clk 0:17:42]} 35. c4
{[%clk 0:57:40]} Kc7 {[%clk 0:16:53]} 36. cxd5 {[%clk 0:57:11]} cxd5
{[%clk 0:17:04]} 37. Kc3 {[%clk 0:57:01]} Kc6 {[%clk 0:16:59]} 38. a4
{[%clk 0:56:09]} b6 {[%clk 0:15:16]} 39. b4 {[%clk 0:55:38]} Bd8 {[%clk 0:14:36]}
40. Bd2 {[%clk 0:54:28]} Be7 {[%clk 0:13:25]} 41. Kb3 Bd8 {[%clk 0:13:30]} 42.
Kc3 {[%clk 0:53:20]} 1/2-1/2

[Event "EUCC 2023 - U12"]
[Site "Kouty nad Desnou"]
[Date "2023.08.16"]
[Round "1.15"]
[White "Boryna, Szymon"]
[Black "Lottiau, Nathan"]
[Result "1-0"]
[BlackElo "1025"]
[WhiteElo "1428"]
[LiveChessVersion "1.4.8"]

1. c4 {[%clk 1:30:53]} e5 {[%clk 1:30:46]} 2. Nc3 {[%clk 1:31:14]} Nf6
{[%clk 1:30:56]} 3. Nf3 {[%clk 1:31:29]} Nc6 {[%clk 1:30:41]} 4. e3
{[%clk 1:31:40]} d6 {[%clk 1:29:55]} 5. d4 {[%clk 1:32:02]} Bf5 {[%clk 1:27:44]}
6. Be2 {[%clk 1:26:10]} Be7 {[%clk 1:24:52]} 7. b3 {[%clk 1:23:11]} O-O
{[%clk 1:22:18]} 8. Bb2 {[%clk 1:22:29]} Ne4 {[%clk 1:18:59]} 9. O-O
{[%clk 1:19:36]} Qd7 {[%clk 1:15:49]} 10. dxe5 {[%clk 1:18:42]} Qe6
{[%clk 1:13:53]} 11. Nd5 {[%clk 1:11:31]} Rac8 {[%clk 1:11:56]} 12. Nd4
{[%clk 1:05:11]} Nxd4 {[%clk 1:07:36]} 13. Qxd4 {[%clk 1:03:02]} c5
{[%clk 1:05:13]} 14. Nxe7+ {[%clk 1:01:40]} Qxe7 {[%clk 1:05:10]} 15. exd6
{[%clk 1:00:34]} cxd4 {[%clk 1:01:39]} 16. dxe7 {[%clk 1:00:57]} Rfe8
{[%clk 1:01:32]} 17. Bxd4 {[%clk 1:00:46]} a6 {[%clk 1:01:04]} 18. f3
{[%clk 0:53:54]} Ng5 {[%clk 1:00:04]} 19. e4 {[%clk 0:53:08]} Bg6
{[%clk 0:59:53]} 20. Bb2 {[%clk 0:42:13]} Rxe7 {[%clk 0:57:15]} 21. Rfd1
{[%clk 0:41:38]} h6 {[%clk 0:55:31]} 22. Rd2 {[%clk 0:38:20]} Ne6
{[%clk 0:52:04]} 23. Rad1 {[%clk 0:38:01]} f5 {[%clk 0:51:30]} 24. Rd7
{[%clk 0:32:19]} Rc7 {[%clk 0:50:51]} 25. Rxc7 {[%clk 0:31:02]} Rxc7
{[%clk 0:50:25]} 26. exf5 {[%clk 0:29:38]} Bxf5 {[%clk 0:49:36]} 27. Kf2
{[%clk 0:27:26]} b5 {[%clk 0:48:25]} 28. cxb5 {[%clk 0:27:14]} axb5 29. Rd2
{[%clk 0:26:55]} b4 {[%clk 0:47:13]} 30. Bc4 {[%clk 0:25:22]} Kh7
{[%clk 0:45:53]} 31. g4 {[%clk 0:25:09]} Bxg4 {[%clk 0:45:28]} 32. fxg4
{[%clk 0:25:33]} Rf7+ {[%clk 0:45:43]} 33. Ke1 {[%clk 0:25:00]} Re7
{[%clk 0:45:52]} 34. Re2 {[%clk 0:24:52]} 1-0

[Event "EUCC 2023 - U12"]
[Site "Kouty nad Desnou"]
[Date "2023.08.17"]
[Round "2.1"]
[White "Dodoi, Matei-Teodor"]
[Black "Nieminen, Oliver"]
[Result "1-0"]
[BlackElo "1574"]
[WhiteElo "1884"]
[LiveChessVersion "1.4.8"]

1. Nf3 {[%clk 1:30:56]} g6 {[%clk 1:30:20]} 2. g3 {[%clk 1:29:47]} Bg7
{[%clk 1:30:44]} 3. d4 {[%clk 1:28:28]} d6 {[%clk 1:30:51]} 4. Bg2
{[%clk 1:27:35]} Nf6 {[%clk 1:31:07]} 5. O-O {[%clk 1:26:29]} O-O
{[%clk 1:29:43]} 6. c4 {[%clk 1:25:29]} Nbd7 {[%clk 1:26:56]} 7. Nc3
{[%clk 1:24:41]} c5 {[%clk 1:25:30]} 8. e4 {[%clk 1:13:18]} cxd4 {[%clk 1:23:15]}
9. Nxd4 {[%clk 1:13:39]} Qb6 {[%clk 1:20:23]} 10. Nc2 {[%clk 0:52:24]} Ne5
{[%clk 1:18:22]} 11. Be3 {[%clk 0:45:33]} Qd8 {[%clk 1:11:40]} 12. b3
{[%clk 0:45:30]} Nc6 {[%clk 0:52:35]} 13. h3 {[%clk 0:23:47]} Bd7
{[%clk 0:49:20]} 14. Nd4 {[%clk 0:23:11]} Qc8 {[%clk 0:48:12]} 15. Kh2
{[%clk 0:22:55]} Ne5 {[%clk 0:45:06]} 16. Rc1 {[%clk 0:21:32]} a5
{[%clk 0:31:45]} 17. Nd5 {[%clk 0:19:45]} Qd8 {[%clk 0:30:08]} 18. Ne2
{[%clk 0:14:15]} Nxd5 {[%clk 0:27:59]} 19. exd5 {[%clk 0:13:02]} f5
{[%clk 0:27:43]} 20. f4 {[%clk 0:12:29]} Nf7 {[%clk 0:28:00]} 21. Bd4
{[%clk 0:12:09]} b6 {[%clk 0:26:44]} 22. Bxg7 {[%clk 0:11:29]} Kxg7
{[%clk 0:27:04]} 23. Nd4 {[%clk 0:11:40]} Qc8 {[%clk 0:25:57]} 24. Ne6+
{[%clk 0:10:15]} Bxe6 {[%clk 0:26:11]} 25. dxe6 {[%clk 0:10:44]} Qxe6
{[%clk 0:26:30]} 26. Bxa8 {[%clk 0:10:49]} Rxa8 {[%clk 0:26:54]} 27. Qd4+
{[%clk 0:10:47]} Kg8 {[%clk 0:26:23]} 28. Rfe1 {[%clk 0:10:01]} Qd7
{[%clk 0:26:16]} 29. Qxb6 {[%clk 0:08:26]} e5 {[%clk 0:25:53]} 30. Rcd1
{[%clk 0:07:18]} e4 {[%clk 0:24:02]} 31. Qd4 {[%clk 0:06:53]} a4 {[%clk 0:22:52]}
32. b4 {[%clk 0:05:39]} Qb7 {[%clk 0:21:56]} 33. a3 {[%clk 0:05:09]} Rc8
{[%clk 0:20:25]} 34. Re2 {[%clk 0:04:22]} Qa6 {[%clk 0:19:07]} 35. Rc2
{[%clk 0:04:25]} d5 {[%clk 0:16:56]} 36. c5 {[%clk 0:03:34]} Qb5 {[%clk 0:15:03]}
37. Qe3 {[%clk 0:03:21]} Qc6 {[%clk 0:14:15]} 38. Qe2 {[%clk 0:03:06]} Rb8
{[%clk 0:13:45]} 39. Rcd2 {[%clk 0:02:13]} Rd8 {[%clk 0:14:02]} 40. Rd4
{[%clk 0:02:25]} g5 {[%clk 0:13:09]} 41. Qa2 {[%clk 0:02:10]} gxf4
{[%clk 0:13:08]} 42. gxf4 {[%clk 0:02:22]} Qc7 {[%clk 0:13:10]} 43. Qf2
{[%clk 0:02:29]} Qc6 {[%clk 0:13:19]} 44. R4d2 {[%clk 0:02:21]} Kf8
{[%clk 0:12:05]} 45. Rb2 {[%clk 0:01:27]} d4 {[%clk 0:11:20]} 46. Rxd4
{[%clk 0:01:33]} Qf6 {[%clk 0:11:00]} 47. Rxd8+ {[%clk 0:01:58]} Nxd8
{[%clk 0:11:22]} 48. Rd2 {[%clk 0:01:50]} Qe7 {[%clk 0:11:21]} 49. Qd4
{[%clk 0:01:44]} Nf7 {[%clk 0:11:12]} 50. c6 {[%clk 0:01:46]} Qc7
{[%clk 0:11:27]} 51. Qc5+ {[%clk 0:02:00]} Ke8 {[%clk 0:11:17]} 52. Qxf5
{[%clk 0:02:12]} Qxc6 {[%clk 0:11:38]} 53. Qd5 {[%clk 0:02:06]} Qg6
{[%clk 0:10:32]} 54. Rg2 {[%clk 0:02:03]} Qf6 {[%clk 0:09:40]} 55. Qxe4+
{[%clk 0:02:26]} Kf8 {[%clk 0:09:37]} 56. b5 {[%clk 0:02:17]} Nd6
{[%clk 0:09:44]} 57. Qe5 {[%clk 0:02:22]} Qh6 {[%clk 0:09:27]} 58. Qh8+
{[%clk 0:02:40]} Kf7 {[%clk 0:09:28]} 59. Qg8+ {[%clk 0:03:05]} Kf6
{[%clk 0:09:08]} 60. Qg5+ {[%clk 0:03:26]} Qxg5 {[%clk 0:09:09]} 61. fxg5+
{[%clk 0:03:43]} Ke5 {[%clk 0:09:12]} 62. b6 {[%clk 0:04:02]} Kd5
{[%clk 0:09:22]} 63. Rb2 {[%clk 0:04:18]} Kc6 {[%clk 0:09:25]} 64. h4
{[%clk 0:04:25]} Kb7 {[%clk 0:09:34]} 65. h5 {[%clk 0:04:44]} Nf7
{[%clk 0:09:34]} 66. g6 {[%clk 0:05:09]} hxg6 {[%clk 0:09:48]} 67. hxg6
{[%clk 0:05:35]} Nh6 {[%clk 0:09:56]} 68. g7 {[%clk 0:05:49]} 1-0

[Event "EUCC 2023 - U12"]
[Site "Kouty nad Desnou"]
[Date "2023.08.17"]
[Round "2.2"]
[White "Sensoy, Emir"]
[Black "Ochedzan, Filip"]
[Result "1-0"]
[BlackElo "1711"]
[WhiteElo "1416"]
[LiveChessVersion "1.4.8"]

1. e4 {[%clk 1:30:59]} c5 {[%clk 1:30:43]} 2. Nf3 {[%clk 1:31:24]} d6
{[%clk 1:31:04]} 3. d4 {[%clk 1:31:48]} cxd4 {[%clk 1:31:28]} 4. Nxd4
{[%clk 1:32:11]} Nf6 {[%clk 1:31:48]} 5. Nc3 {[%clk 1:32:32]} a6 {[%clk 1:32:05]}
6. Be2 {[%clk 1:32:48]} e5 {[%clk 1:32:24]} 7. Nb3 {[%clk 1:33:12]} Be7
{[%clk 1:32:43]} 8. O-O {[%clk 1:33:13]} O-O {[%clk 1:32:51]} 9. Kh1
{[%clk 1:33:25]} b5 {[%clk 1:29:40]} 10. a4 {[%clk 1:33:19]} b4 {[%clk 1:25:49]}
11. Nd5 {[%clk 1:33:15]} Nxd5 {[%clk 1:18:08]} 12. Qxd5 {[%clk 1:33:33]} Ra7
{[%clk 1:17:50]} 13. Be3 {[%clk 1:30:40]} Be6 {[%clk 1:16:45]} 14. Qd2
{[%clk 1:28:38]} Rb7 {[%clk 1:11:07]} 15. a5 {[%clk 1:25:11]} Qd7
{[%clk 1:05:36]} 16. Bb6 {[%clk 1:19:44]} Rc8 {[%clk 1:03:22]} 17. Rfc1
{[%clk 1:08:18]} d5 {[%clk 0:52:31]} 18. exd5 {[%clk 0:58:36]} Qxd5
{[%clk 0:49:23]} 19. Qe3 {[%clk 0:56:48]} Bf5 {[%clk 0:45:30]} 20. Bf3
{[%clk 0:55:52]} e4 {[%clk 0:44:52]} 21. Rd1 {[%clk 0:56:05]} Qe5
{[%clk 0:39:06]} 22. Nd4 {[%clk 0:46:13]} Bg6 {[%clk 0:38:53]} 23. Bg4
{[%clk 0:43:40]} Bg5 {[%clk 0:20:18]} 24. Nf3 {[%clk 0:39:20]} Bxe3
{[%clk 0:19:34]} 25. Nxe5 {[%clk 0:39:45]} f5 {[%clk 0:19:25]} 26. fxe3
{[%clk 0:39:13]} fxg4 {[%clk 0:19:41]} 27. c4 {[%clk 0:34:46]} bxc3
{[%clk 0:17:42]} 28. bxc3 {[%clk 0:35:05]} Bf5 {[%clk 0:16:44]} 29. c4
{[%clk 0:34:19]} Nc6 {[%clk 0:14:46]} 30. Nxc6 {[%clk 0:33:47]} Rxc6
{[%clk 0:15:13]} 31. c5 {[%clk 0:32:56]} Rd7 {[%clk 0:09:22]} 32. Rxd7
{[%clk 0:33:15]} Bxd7 {[%clk 0:09:51]} 33. Rd1 {[%clk 0:33:20]} Bf5
{[%clk 0:08:23]} 34. Rd8+ {[%clk 0:33:40]} Kf7 {[%clk 0:08:45]} 35. Ra8
{[%clk 0:33:59]} Bc8 {[%clk 0:08:59]} 36. Ra7+ {[%clk 0:34:15]} Kf6
{[%clk 0:08:27]} 37. Kg1 {[%clk 0:34:21]} h6 {[%clk 0:07:26]} 38. Kf2
{[%clk 0:33:41]} g5 {[%clk 0:07:26]} 39. Ke2 {[%clk 0:31:12]} Ke6
{[%clk 0:07:28]} 40. Kd2 {[%clk 0:31:11]} Ke5 {[%clk 0:07:18]} 41. Re7+
{[%clk 0:29:47]} Kd5 {[%clk 0:06:57]} 42. Kc3 {[%clk 0:29:39]} Re6
{[%clk 0:07:03]} 43. Rc7 {[%clk 0:28:32]} Rc6 {[%clk 0:05:35]} 44. Rxc6
{[%clk 0:28:43]} Kxc6 {[%clk 0:06:03]} 45. Kd4 {[%clk 0:29:04]} h5
{[%clk 0:00:44]} 46. Kxe4 {[%clk 0:28:56]} h4 {[%clk 0:00:50]} 47. g3
{[%clk 0:28:30]} hxg3 {[%clk 0:01:04]} 48. hxg3 {[%clk 0:28:56]} Bd7
{[%clk 0:01:22]} 49. Ke5 {[%clk 0:29:12]} Bc8 {[%clk 0:01:39]} 50. e4
{[%clk 0:29:10]} Bd7 {[%clk 0:02:02]} 51. Kf6 {[%clk 0:29:34]} Bc8
{[%clk 0:02:06]} 52. Kxg5 {[%clk 0:29:52]} Bd7 {[%clk 0:02:14]} 53. Kf6
{[%clk 0:30:02]} Bc8 {[%clk 0:02:39]} 54. Ke7 {[%clk 0:30:07]} Bd7
{[%clk 0:02:43]} 55. Kf6 {[%clk 0:23:58]} Bc8 {[%clk 0:03:04]} 56. Kf7
{[%clk 0:22:02]} Bd7 {[%clk 0:02:24]} 57. e5 {[%clk 0:21:14]} Kd5
{[%clk 0:01:47]} 58. Bc7 {[%clk 0:20:39]} Bc8 {[%clk 0:01:18]} 59. Bd6
{[%clk 0:20:45]} Bd7 {[%clk 0:00:49]} 60. Ke7 {[%clk 0:21:02]} Bf5
{[%clk 0:00:51]} 61. Kf6 {[%clk 0:13:28]} Bc8 {[%clk 0:00:52]} 62. Kf7
{[%clk 0:12:07]} Bd7 {[%clk 0:00:51]} 63. Kf8 {[%clk 0:11:10]} Bc8
{[%clk 0:00:52]} 64. Ke8 {[%clk 0:11:19]} Be6 {[%clk 0:00:48]} 65. Kd8
{[%clk 0:11:32]} Kc6 {[%clk 0:01:12]} 66. Ke7 {[%clk 0:11:39]} Bf5
{[%clk 0:01:05]} 67. Kf6 {[%clk 0:11:52]} Bd7 {[%clk 0:00:58]} 68. e6
{[%clk 0:12:15]} Be8 {[%clk 0:01:19]} 69. Ke7 {[%clk 0:12:21]} Bh5
{[%clk 0:01:37]} 70. Kd8 {[%clk 0:12:35]} Kb5 {[%clk 0:01:43]} 71. e7
{[%clk 0:12:37]} Kxa5 {[%clk 0:02:09]} 72. e8=Q {[%clk 0:12:53]} Bxe8
{[%clk 0:02:31]} 73. Kxe8 {[%clk 0:13:21]} Kb5 {[%clk 0:02:54]} 74. Kf7
{[%clk 0:13:42]} a5 {[%clk 0:03:16]} 75. Kf6 {[%clk 0:14:05]} 1-0

[Event "EUCC 2023 - U12"]
[Site "Kouty nad Desnou"]
[Date "2023.08.17"]
[Round "2.3"]
[White "Constantinoiu, Alexandru Ioan"]
[Black "Alcantara, Levanah"]
[Result "1-0"]
[BlackElo "1527"]
[WhiteElo "1687"]
[LiveChessVersion "1.4.8"]

1. e4 {[%clk 1:30:56]} e6 {[%clk 1:30:53]} 2. d4 {[%clk 1:31:18]} d5
{[%clk 1:31:13]} 3. e5 {[%clk 1:31:42]} c5 {[%clk 1:31:22]} 4. c3
{[%clk 1:32:02]} Nc6 {[%clk 1:31:45]} 5. Nf3 {[%clk 1:32:24]} cxd4
{[%clk 1:32:08]} 6. cxd4 {[%clk 1:32:43]} Nge7 {[%clk 1:32:30]} 7. a3
{[%clk 1:30:09]} Nf5 {[%clk 1:32:14]} 8. Nc3 {[%clk 1:27:49]} Be7
{[%clk 1:30:43]} 9. b4 {[%clk 1:27:51]} O-O {[%clk 1:29:23]} 10. Bd3
{[%clk 1:21:03]} Bd7 {[%clk 1:25:06]} 11. Bxf5 {[%clk 1:20:56]} exf5
{[%clk 1:25:01]} 12. Nxd5 {[%clk 1:19:37]} Be6 {[%clk 1:22:40]} 13. Nxe7+
{[%clk 1:17:08]} Nxe7 {[%clk 1:22:43]} 14. O-O {[%clk 1:16:58]} Rc8
{[%clk 1:19:14]} 15. Bg5 {[%clk 1:02:37]} Bd5 {[%clk 1:11:32]} 16. Nd2
{[%clk 0:59:13]} h6 {[%clk 1:08:09]} 17. Bxe7 {[%clk 0:54:39]} Qxe7
{[%clk 1:08:12]} 18. Rc1 {[%clk 0:53:13]} Qg5 {[%clk 1:03:49]} 19. g3
{[%clk 0:51:01]} Rxc1 {[%clk 1:00:33]} 20. Qxc1 {[%clk 0:51:21]} f4
{[%clk 0:50:07]} 21. Qc3 {[%clk 0:36:01]} fxg3 {[%clk 0:40:41]} 22. fxg3
{[%clk 0:35:05]} h5 {[%clk 0:37:01]} 23. Rf4 {[%clk 0:33:59]} Be6
{[%clk 0:30:36]} 24. Ne4 {[%clk 0:31:26]} Qg6 {[%clk 0:29:03]} 25. Qd2
{[%clk 0:28:05]} Rd8 {[%clk 0:22:01]} 26. Nd6 {[%clk 0:27:00]} Bd5
{[%clk 0:21:16]} 27. Qc3 {[%clk 0:21:23]} Qb1+ {[%clk 0:15:53]} 28. Rf1
{[%clk 0:15:56]} Qa2 {[%clk 0:15:06]} 29. Rf3 {[%clk 0:14:33]} Qb1+
{[%clk 0:10:08]} 30. Kg2 {[%clk 0:14:24]} Qd1 {[%clk 0:09:12]} 31. Qe3
{[%clk 0:12:34]} Qxf3+ {[%clk 0:05:03]} 32. Qxf3 {[%clk 0:12:59]} Bxf3+
{[%clk 0:05:24]} 33. Kxf3 {[%clk 0:13:28]} Rd7 {[%clk 0:05:36]} 34. Ke4
{[%clk 0:12:25]} Kf8 {[%clk 0:05:24]} 35. Nc8 {[%clk 0:10:01]} b6 36. Nd6
{[%clk 0:09:45]} Rc7 {[%clk 0:04:33]} 37. Nb5 {[%clk 0:09:35]} Re7
{[%clk 0:04:26]} 38. d5 {[%clk 0:09:27]} Ke8 {[%clk 0:04:16]} 39. d6
{[%clk 0:09:30]} Rd7 {[%clk 0:04:08]} 40. Kd5 {[%clk 0:09:16]} Kd8
{[%clk 0:03:05]} 41. Kc6 {[%clk 0:08:35]} Kc8 {[%clk 0:02:38]} 42. Nc3
{[%clk 0:08:06]} Kd8 {[%clk 0:02:17]} 43. Nd5 {[%clk 0:08:10]} Kc8
{[%clk 0:02:22]} 44. Ne7+ {[%clk 0:07:46]} Kd8 {[%clk 0:02:45]} 45. Nf5
{[%clk 0:07:46]} g6 {[%clk 0:02:48]} 46. Ne3 {[%clk 0:08:02]} Kc8
{[%clk 0:02:14]} 47. Nd5 {[%clk 0:08:19]} Rd8 {[%clk 0:01:14]} 48. Ne7+
{[%clk 0:08:01]} Kb8 {[%clk 0:01:29]} 49. d7 {[%clk 0:08:20]} a6 {[%clk 0:01:04]}
50. Kd6 {[%clk 0:08:41]} 1-0